Scientific papers of the University of Pardubice series A : Faculty of Chemical Technology 10 (2004)

Guardado en:
Detalles Bibliográficos
Autor principal: Palatý, Zdeněk (Autor)
Formato: Libro
Lenguaje:checo
Publicado: Pardubice Univerzita Pardubice 2005
Edición:1. vyd.
Materias:
Acceso en línea:Ver en el OPAC
Etiquetas: Agregar Etiqueta
Sin Etiquetas, Sea el primero en etiquetar este registro!

MARC

LEADER 00000cam a22000004a 4500
005 20260127134035.0
008 081215s2009 xr a 000 0 cze
020 |a 807194727X 
035 |a vtls009455456 
039 9 |a 200902031153  |b mschk03  |c 200812192314  |d msnk01  |y 200812151543  |z mschk03 
040 |a STUSCHK1  |b slo  |c STUSCHK1 
080 |a 54 (082) 
080 |a 66(082) 
245 1 0 |a Scientific papers of the University of Pardubice  |b series A : Faculty of Chemical Technology 10 (2004) 
250 |a 1. vyd. 
260 |a Pardubice  |b Univerzita Pardubice  |c 2005 
300 |a 410 s.  |b il.  |c 24 cm. 
650 0 |a chémia 
650 0 |a chemická technológia 
700 1 |a Palatý, Zdeněk  |4 aut 
910 |a SCHK95 
919 |a 80-7194-727-X 
999 |c 2653  |d 2653